000 00966nam a2200253 c 4500
001 a5462629
003 CO-ViMGA
005 20230915234535.0
008 140203s2013 sp a | |||| 000 1 spa
020 _a9788490245460
040 _aCO-ViMGA
_bspa
_cCO-ViMGA
041 _heng
082 0 4 _a741.5
_bY68e
100 1 _aYost, Christopher
_d1973-
_4aut
_99070
245 1 0 _aEscuela de mando /
_cOrson Scott Card ; [guión, Christopher Yost ; dibujo, Pasqual Ferry ; traducción, Silvia Ruiz]
260 _a[Torroella de Montgrí, Gerona]
_bPanini Comics ;
_aSanta Perpetua de Mogoda [Barcelona]
_bdistribución, SD Distribuciones
_cD.L. 2013.
300 _a101, [28] p.
_bprincipalmente il. col.
_c27 cm.
490 0 _aEl juego de Ender
_vn. 2
650 1 4 _aComics
_9284
650 1 4 _aTiras comicas, historietas, etc.
_92479
700 1 _aCard, Orson Scott
_d1951-
_tEnder's game
_99071
700 1 _aFerry, Pasqual
_d1961-
_edibujante
_4art
_99072
942 _2ddc
_cBK
999 _c37871
_d37871